BRITISH JOURNAL OF RADIOLOGY (Record no. 6225)

MARC details
000 -LEADER
fixed length control field 00276nas a2200121Ia 4500
008 - FIXED-LENGTH DATA ELEMENTS--GENERAL INFORMATION
fixed length control field 150201s2012 xx 000 0 und d
245 ## - TITLE STATEMENT
Title BRITISH JOURNAL OF RADIOLOGY
260 ## - PUBLICATION, DISTRIBUTION, ETC. (IMPRINT)
Date of publication, distribution, etc. 2012
310 ## - CURRENT PUBLICATION FREQUENCY
Current publication frequency Monthly
500 ## - GENERAL NOTE
General note INTERNATIONAL
650 ## - SUBJECT ADDED ENTRY--TOPICAL TERM
Topical term or geographic name as entry element Radiology
942 ## - ADDED ENTRY ELEMENTS (KOHA)
Source of classification or shelving scheme Dewey Decimal Classification
Koha item type Loose Journals
Holdings
Withdrawn status Lost status Source of classification or shelving scheme Damaged status Not for loan Home library Current library Shelving location Date acquired Source of acquisition Cost, normal purchase price Serial Enumeration / chronology SGTU Currency Amount Bill Number Total Checkouts Barcode Date last seen Bill Date Koha item type
    Dewey Decimal Classification     SGT Medical Library SGT Medical Library Reference Book 11/06/2011 IBH JOUNALS SERVICE 72912.00 Vol. 85, Issue 4 (April, 2012) SGTU 840 PF/190/12   JM760 09/02/2015 12/01/2012 Loose Journals
    Dewey Decimal Classification     SGT Medical Library SGT Medical Library Reference Book 11/06/2011 IBH JOUNALS SERVICE 72912.00 Vol. 85, Issue 5 (May, 2012) SGTU 840 PF/190/12   JM761 09/02/2015 12/01/2012 Loose Journals
    Dewey Decimal Classification     SGT Medical Library SGT Medical Library Reference Book 11/06/2011 IBH JOUNALS SERVICE 72912.00 Vol. 85, Issue 6 (June, 2012) SGTU 840 PF/190/12   JM762 09/02/2015 12/01/2012 Loose Journals